| Поле | Название | Значение |
| |
Тип записи |
a |
| |
Библиографический уровень |
m |
| 001 |
Контрольный номер |
RU/IS/BASE/317838795 |
| 005 |
Дата корректировки |
20260624162717.7 |
| 010 |
Индекс ISBN |
__ |
| a |
ISBN |
978-5-367-00320-8 (В пер.) |
| d |
Цена |
147-31 |
| 100 |
Данные общей обработки |
__ |
| a |
Данные общей обработки |
19070301d2007 |||y0rusy0189 ca |
| 101 |
Язык документа |
0_ |
| a |
Язык текста |
rus |
| c |
Язык оригинала |
rus |
| 102 |
Страна публикации |
__ |
| a |
Страна публикации |
RU |
| 105 |
Кодированные данные (монография) |
__ |
| a |
Кодированные данные (монография) |
a zzzz|||zy |
| 200 |
Заглавие и сведения об ответственности |
0_ |
| a |
Заглавие |
Имидж как точная наука |
| f |
Первые сведения об ответственности |
Татьяна Кондратьева, Владимир Саламатов |
| b |
Общее обозначение материала |
Текст |
| 210 |
Выходные данные |
1_ |
| a |
Место издания |
СПб. |
| c |
Издательство |
Амфора |
| d |
Дата издания |
2007 |
| 215 |
Физическое описание |
__ |
| a |
Объем |
316, [1] с. |
| c |
Иллюстрации/тип воспроизводства |
ил. |
| 225 |
Серия |
2_ |
| a |
Серия |
Полезная книга |
| 330 |
Аннотация |
__ |
| a |
Аннотация |
Увлекательный как детектив, и изящный как платье от кутюр, учебник по формированию имиджа, составленный известными психотерапевтами и имиджеологами. |
| 606 |
Тематические рубрики |
__ |
| a |
Основная рубрика |
Психология |
| 2 |
Код системы |
nlr_sh |
| 606 |
Тематические рубрики |
__ |
| a |
Основная рубрика |
Социальная психология |
| 2 |
Код системы |
nlr_sh |
| 610 |
Ключевые слова |
0_ |
| a |
Ключевые слова |
имидж; имидж женщины; имидж мужчины; имидж руководителя; имиджевые стратегии; имиджелогия; имиджмейкерство; имиджмейкинг; формирование имиджа; имидж-психотерапия; одежда; психические образы; жесты; мимика; пантомимика; фирменный стиль; знаки; символы; контексты; стили одежды; позы; имиджелогия |
| 686 |
Индексы других классификаций |
__ |
| a |
Классификационный индекс |
88.502 |
| 2 |
Код системы |
rubbks |
| 700 |
Автор |
_1 |
| a |
Фамилия |
Кондратьева |
| b |
Имя |
Т. М. |
| g |
Полное личное имя |
Татьяна Михайловна |
| 4 |
Код отношения |
070 |
| 701 |
Альтернативная интеллектуальная ответственность |
_1 |
| a |
Фамилия |
Саламатов |
| b |
Имя |
В. Е. |
| g |
Полное личное имя |
Владимир Евгеньевич |
| 801 |
Источник записи |
_0 |
| a |
Страна |
RU |
| b |
Организация |
Муниципальное бюджетное учреждение культуры "Централизованная библиотечная система" г. Сургут (Центральная городская библиотека им. А. С. Пушкина) |
| c |
Дата составления |
20070301 |
| g |
Правила каталогизации |
PSBO |
| 801 |
Источник записи |
_1 |
| a |
Страна |
RU |
| b |
Организация |
Муниципальное бюджетное учреждение культуры "Централизованная библиотечная система" г. Сургут (Центральная городская библиотека им. А. С. Пушкина) |
| c |
Дата составления |
20070301 |
| g |
Правила каталогизации |
PSBO |
| 852 |
Данные о местонахождении |
__ |
| j |
Шифр хранения |
88.502 |
| c |
Каталожный индекс |
88.5 |
| i |
Авторский знак |
К 64 |
| 901 |
Тип документа |
__ |
| t |
Тип документа |
m |
| a |
Ответственный |
КиК/Котельникова |
| 901 |
Тип документа |
__ |
| a |
Ответственный |
рекл26 |
| 903 |
Характеристики (МАРС) |
__ |
| a |
Дата передачи |
20080226 |
| 990 |
Данные о заказе (DOS) |
__ |
| j |
Количество экземпляров (DOS) |
6 |
| t |
N записи в КСУ для И/У (DOS) |
200803 |